000 01108nam a2200349 i 4500
999 _c7965
_d7965
001 7965
003 MCM
005 20180217091252.0
008 780914s1978 caua b 001 0 eng
020 _a0803908172.
_a0803908180
035 _aMITb10091184
035 _a(OCoLC)04203005
035 _aGLIS00091184
040 _aDLC
_cDLC
_dMYG
_d(BD-JhCC)7965
041 _aeng
050 0 _aHV40
_b.R34
082 _a361
_bREA 1978
099 _aHV40.R34
245 0 0 _aReaching people :
_bthe structure of neighborhood services /
_ceditors, Daniel Thursz and Joseph L. Vigilante.
260 _aBeverly Hills, Calif. :
_bSage Publications,
_cc1978.
300 _a277 p. :
_bill. ;
_c22 cm.
490 1 _aSocial service delivery systems ; v. 3
504 _aIncludes bibliographies and index.
650 0 _aSocial work administration.
650 0 _aPublic welfare administration.
650 0 _aNeighborhoods.
700 1 _aThursz, Daniel.
700 1 _aVigilante, Joseph L.
830 0 _aSocial service delivery systems ;
_vv. 3.
942 _2ddc
_cBK